[Event "Master Open"]
[Site "Voronezh"]
[Date "2018.06.21"]
[Round "9.19"]
[White "Polschikov, Alexey"]
[Black "Kozionov, Kirill"]
[Result "1/2-1/2"]
[WhiteElo "2398"]
[BlackElo "2456"]
[Annotator ""]
[Source ""]
[Remark ""]

1.Nf3 Nf6 2.c4 g6 3.Nc3 Bg7 4.e4 d6 5.d4 O-O 6.Be2 Bg4 7.Be3
Nfd7 8.O-O Nc6 9.Ne1 Bxe2 10.Nxe2 Na5 11.b3 c5 12.Rc1 cxd4 13.Bxd4
Nf6 14.f3 Nc6 15.Be3 Qa5 16.Nd3 Nd7 17.Rc2 Nc5 18.Kh1 Rfd8 19.Nef4
Nxd3 20.Nxd3 e6 21.Bd2 Qb6 22.Bg5 Rd7 23.Re1 Rc8 24.Be3 Qa5 25.Bd2
Qa3 26.Bc1 Qa5 27.Bd2 Qa3 1/2-1/2

[Event "Master Open"]
[Site "Voronezh"]
[Date "2018.06.21"]
[Round "9.20"]
[White "Moskalenko, Alexander"]
[Black "Palachev, Petr"]
[Result "1/2-1/2"]
[WhiteElo "2558"]
[BlackElo "2405"]
[Annotator ""]
[Source ""]
[Remark ""]

1.Nf3 d5 2.c4 e6 3.g3 Nf6 4.Bg2 dxc4 5.Qa4+ Bd7 6.Qxc4 c5 7.Ne5
Qc8 8.Qd3 Nc6 9.Nxd7 Qxd7 10.Qxd7+ Kxd7 11.Nc3 Be7 12.d3 Rab8
13.Bf4 Bd6 14.Bg5 Be7 15.Rc1 Nd5 16.Bd2 Nxc3 17.Bxc3 Rhg8 18.e3
Nb4 19.Bxb4 cxb4 20.d4 Rgc8 21.Kd2 b6 22.Rxc8 Rxc8 23.Bb7 Rc7
24.Ba6 Bd6 25.f4 f5 26.Rg1 h5 27.h3 Ke7 28.g4 hxg4 29.hxg4 g6
30.gxf5 gxf5 31.Rg6 Kf7 32.Rh6 Bf8 33.Rh7+ Bg7 34.Kd3 Rc1 35.Bc4
Kg6 36.Rh2 Kf7 37.Bb3 b5 38.Rh5 Kf6 39.Rg5 Bf8 40.Rg8 Rc8 1/2-1/2

[Event "Master Open"]
[Site "Voronezh"]
[Date "2018.06.21"]
[Round "9.21"]
[White "Shubin, Kirill"]
[Black "Triapishko, Alexandr"]
[Result "0-1"]
[WhiteElo "2391"]
[BlackElo "2513"]
[Annotator ""]
[Source ""]
[Remark ""]

1.e4 e5 2.Nf3 Nc6 3.Bc4 Nf6 4.Ng5 d5 5.exd5 Na5 6.Bb5+ c6 7.dxc6
bxc6 8.Be2 h6 9.Nh3 g5 10.d3 Bg7 11.Ng1 O-O 12.Nc3 Rb8 13.Nf3
Nd5 14.Na4 g4 15.Nd2 f5 16.g3 h5 17.a3 Qe7 18.c4 Nf4 19.gxf4
exf4 20.Kf1 Qh4 21.Kg1 Bd4 22.Qf1 Rf7 23.Qg2 Rg7 24.Kf1 Bb7 25.c5
Rc8 26.Nc3 Ba6 27.Nf3 gxf3 28.Qxf3 Nb3 29.Rb1 Bxc5 30.Bxf4 Nd4
31.Qxh5 Qxh5 32.Bxh5 Bxd3+ 0-1

[Event "Master Open"]
[Site "Voronezh"]
[Date "2018.06.21"]
[Round "9.22"]
[White "Golubov, Saveliy"]
[Black "Yagupov, Igor"]
[Result "1-0"]
[WhiteElo "2493"]
[BlackElo "2359"]
[Annotator ""]
[Source ""]
[Remark ""]

1.e4 c5 2.Nf3 Nc6 3.d4 cxd4 4.Nxd4 Nf6 5.Nc3 e6 6.Be2 Bb4 7.O-O
Bxc3 8.bxc3 Nxe4 9.Qd3 d5 10.Ba3 Ne7 11.c4 O-O 12.Rad1 b6 13.cxd5
exd5 14.c4 Nc5 15.Qg3 Bb7 16.cxd5 Nxd5 17.Bf3 Qf6 18.Bb2 Nf4
19.Bxb7 Nxb7 20.Rd2 Ng6 21.f4 Nc5 22.Qf3 Rfe8 23.Re2 Rxe2 1-0

[Event "Master Open"]
[Site "Voronezh"]
[Date "2018.06.21"]
[Round "9.23"]
[White "Kabanov, Nikolai"]
[Black "Tsoi, Dmitry"]
[Result "1-0"]
[WhiteElo "2468"]
[BlackElo "2382"]
[Annotator ""]
[Source ""]
[Remark ""]

1.e4 e5 2.Nf3 d6 3.d4 exd4 4.Nxd4 Nf6 5.Nc3 Be7 6.g3 Nc6 7.Nxc6
bxc6 8.Bg2 Bg4 9.Qd3 O-O 10.f4 Nd7 11.O-O Nc5 12.Qe3 Qd7 13.f5
f6 14.Qf4 Bh5 15.Be3 Qd8 16.g4 Bf7 17.Rad1 Nd7 18.h4 Ne5 19.Qg3
Qe8 20.b3 a5 21.g5 Bh5 22.Rd2 Bg4 23.Bh3 Qh5 24.Bxg4 Qxg4 25.Rg2
Qxg3 26.Rxg3 Kf7 27.Ne2 fxg5 28.hxg5 h6 29.g6+ Ke8 30.Nf4 Kd7
31.Nh5 Rg8 32.a4 Bh4 33.Rg2 Ke7 34.Bf4 Nd7 35.Re2 Bf6 36.Nxf6
Kxf6 37.Bg3 Ke7 38.Rf3 c5 39.e5 Nxe5 40.Bxe5 dxe5 41.Rxe5+ Kf6
42.Rxc5 Rge8 43.Rc6+ Kg5 44.f6 gxf6 45.Rcxf6 Rad8 46.g7 Re7 47.Rf8
Rd1+ 48.Kg2 Rd2+ 49.Kh3 1-0

[Event "Master Open"]
[Site "Voronezh"]
[Date "2018.06.21"]
[Round "9.24"]
[White "Dzhumaev, Marat"]
[Black "Demianjuk, Alexander"]
[Result "1-0"]
[WhiteElo "2434"]
[BlackElo "2346"]
[Annotator ""]
[Source ""]
[Remark ""]

1.e4 c5 2.Nf3 d6 3.d4 cxd4 4.Nxd4 Nf6 5.Nc3 Nc6 6.Bc4 Qb6 7.Nb3
e6 8.O-O Be7 9.a4 O-O 10.a5 Qc7 11.Be2 Bd7 12.f4 Rfd8 13.Bf3
Nb4 14.Qe2 e5 15.Be3 Be6 16.Qf2 Bxb3 17.cxb3 Nd3 18.Qd2 Nxf4
19.Bxf4 exf4 20.Qxf4 Qc5+ 21.Kh1 Qb4 22.Be2 Qxb3 23.Nd5 Nxd5
24.Qxf7+ Kh8 25.exd5 Qe3 26.Qe6 Qxe6 27.dxe6 Bf6 28.Bb5 Rac8
29.Rae1 Kg8 30.e7 Re8 31.Bxe8 Rxe8 32.Rf3 Bxb2 33.Rb3 Be5 34.Rxb7
Bc3 35.Reb1 Bxa5 36.Rb8 Kf7 37.Rf1+ Kxe7 38.Rb7+ Ke6 39.Rxg7
Re7 40.Rxe7+ Kxe7 41.Rf3 Bd2 42.Rd3 Bb4 43.Rh3 a5 44.Rxh7+ Ke6
45.Ra7 Kf5 46.g3 Ke4 47.Kg2 d5 48.g4 d4 49.g5 Kf5 50.h4 Be1 51.Rf7+
Ke6 52.Rf4 d3 53.Re4+ 1-0

[Event "Master Open"]
[Site "Voronezh"]
[Date "2018.06.21"]
[Round "9.25"]
[White "Gukesh, D"]
[Black "Ergeshov, Timur"]
[Result "0-1"]
[WhiteElo "2431"]
[BlackElo "2290"]
[Annotator ""]
[Source ""]
[Remark ""]

1.Nf3 Nf6 2.g3 b6 3.Bg2 Bb7 4.O-O c5 5.d3 d5 6.Nbd2 e6 7.e4 Be7
8.Re1 O-O 9.e5 Nfd7 10.h4 Nc6 11.Nf1 Re8 12.Bf4 f5 13.exf6 Bxf6
14.c3 e5 15.Bd2 Nf8 16.Ne3 e4 17.dxe4 dxe4 18.Nh2 Ne5 19.Neg4
Nd3 20.Re3 c4 21.b3 Nd7 22.Qe2 h5 23.Nxf6+ Nxf6 24.bxc4 Qc7 25.Bf1
Rad8 26.Be1 Ba6 27.f3 Nxe1 28.Rxe1 Qxg3+ 29.Qg2 Qxh4 30.fxe4
Bb7 31.Rg3 Rd7 32.Nf3 Qf4 33.c5 Rxe4 34.Rxe4 Bxe4 35.Qh3 Bf5
36.Qh4 Bg4 37.c6 Rd1 38.Qh2 Qe3+ 39.Kg2 Bxf3+ 40.Rxf3 Rd2+ 41.Kg3
Qg5+ 42.Kh3 Qg4# 0-1

[Event "Master Open"]
[Site "Voronezh"]
[Date "2018.06.21"]
[Round "9.26"]
[White "Shagbazyan, Taron"]
[Black "Murzin, Volodar"]
[Result "1/2-1/2"]
[WhiteElo "2429"]
[BlackElo "2268"]
[Annotator ""]
[Source ""]
[Remark ""]

1.d4 Nf6 2.c4 g6 3.Nc3 Bg7 4.g3 O-O 5.Bg2 d6 6.e3 e5 7.Nge2 Nbd7
8.O-O Re8 9.b3 exd4 10.Nxd4 Nc5 11.Bb2 Nfe4 12.Nxe4 Nxe4 13.Qc2
Qe7 14.Rad1 a6 15.Rfe1 Bd7 16.a4 a5 17.Ba3 Rad8 18.Nb5 Bc6 19.f3
Nc5 20.Nd4 Bd7 21.Bc1 f5 22.Ne2 c6 23.Nf4 Qf6 24.Bd2 b6 25.b4
axb4 26.Bxb4 Bc8 27.a5 bxa5 28.Bxa5 Rd7 29.Nd3 Rb7 30.Nxc5 dxc5
31.f4 Rb2 32.Qd3 Ba6 33.Qd7 Rf8 34.Qxc6 Qxc6 35.Bxc6 Bxc4 36.Rc1
Bf7 37.Rxc5 Rc8 38.Rec1 Bf8 39.R5c2 Rxc2 40.Rxc2 Be6 41.Kf2 Kf7
42.Bb6 Bg7 43.Ba4 Rxc2+ 44.Bxc2 Bd5 45.Bd4 Bf8 46.Bd1 h5 47.h3
Be7 48.Bc2 Bd8 49.Ba4 Be7 50.Bd7 Bd8 51.g4 hxg4 52.hxg4 Be6 53.Bb5
Bh4+ 54.Kg2 Bd5+ 55.Kh3 Be7 56.Kg3 Be6 57.g5 1/2-1/2

[Event "Master Open"]
[Site "Voronezh"]
[Date "2018.06.21"]
[Round "9.28"]
[White "Looshnikov, Nikolai"]
[Black "Grachev, Alexey"]
[Result "1/2-1/2"]
[WhiteElo "2424"]
[BlackElo "2203"]
[Annotator ""]
[Source ""]
[Remark ""]

1.e4 c5 2.Nf3 d6 3.d4 cxd4 4.Nxd4 Nf6 5.f3 e5 6.Bb5+ Bd7 7.Bxd7+
Qxd7 8.Nf5 d5 9.Bg5 d4 10.Bxf6 gxf6 11.c3 Nc6 12.cxd4 Bb4+ 13.Ke2
Rg8 14.g4 exd4 15.a3 Bc5 16.Qc2 Bb6 17.Nd2 O-O-O 18.Qa4 Qc7 19.Rac1
Kb8 20.Kd1 d3 21.Rc3 h5 22.h3 Rh8 23.gxh5 Rhg8 24.Qb5 Qf4 25.Kc1
Ne5 26.Rd1 Rg2 27.h6 Nxf3 28.Rxd3 Rc8+ 29.Rc3 Rxc3+ 30.bxc3 Rxd2
31.Rxd2 Qxd2+ 32.Kb1 Ng5 33.h4 Qd1+ 34.Kb2 Qd2+ 35.Kb1 Qd1+ 36.Kb2
Qd2+ 37.Kb1 Qd1+ 38.Kb2 Qd2+ 39.Kb1 Qd1+ 40.Kb2 Qd2+ 1/2-1/2

[Event "Master Open"]
[Site "Voronezh"]
[Date "2018.06.21"]
[Round "9.29"]
[White "Maltsevskaya, Aleksandra"]
[Black "Ulko, Jaroslav"]
[Result "0-1"]
[WhiteElo "2279"]
[BlackElo "2442"]
[Annotator ""]
[Source ""]
[Remark ""]

1.Nf3 c5 2.g3 Nc6 3.Bg2 g6 4.O-O Bg7 5.e4 d6 6.c3 Nf6 7.d4 cxd4
8.cxd4 Bg4 9.d5 Ne5 10.Qa4+ Qd7 11.Qxd7+ Nfxd7 12.Nxe5 Nxe5 13.Bd2
O-O 14.Bc3 Rfc8 15.f3 Bd7 16.a4 a5 17.Rd1 b5 18.axb5 Bxb5 19.f4
Nd3 20.Bxg7 Kxg7 21.Nc3 Ba6 22.Rdb1 Rc5 23.Ra3 Rb8 24.Bf1 Nb4
25.Bxa6 Nxa6 26.Rba1 Rc4 27.Rxa5 Nc5 28.Ra7 Rxb2 29.Nd1 Re2 30.Nf2
Rcc2 31.Rf1 Nxe4 32.Rxe7 Rxf2 33.Rxf2 Nxf2 34.Rd7 Ne4 35.Re7
Nf6 0-1

[Event "Master Open"]
[Site "Voronezh"]
[Date "2018.06.21"]
[Round "9.30"]
[White "Rodin, Dmitrij"]
[Black "Sergienko, Sergey"]
[Result "1/2-1/2"]
[WhiteElo "2402"]
[BlackElo "2315"]
[Annotator ""]
[Source ""]
[Remark ""]

1.e4 c5 2.Nf3 a6 3.Nc3 b5 4.d4 cxd4 5.Nxd4 Bb7 6.a3 d6 7.g3 e6
8.Bg2 Nf6 9.O-O Qc7 10.Re1 Be7 11.f4 O-O 12.g4 Nc6 13.Nxc6 Qxc6
14.g5 Nd7 15.Be3 Rac8 16.Bf2 Rfe8 17.Qg4 Bf8 18.Rad1 a5 19.Rd2
Nb6 20.Rd3 Nc4 21.Nd1 Qc7 22.Rh3 g6 23.Qh4 h5 24.gxh6 Kh7 25.Qg5
Qd7 26.Rd3 Be7 27.Qg4 Rg8 28.Bd4 f6 29.Re2 Bc6 30.Bc3 Qa7+ 31.Kh1
Bd7 32.Qf3 Bc6 33.Nf2 Rcf8 34.Bh3 f5 35.Bg2 e5 36.Qh3 b4 37.axb4
axb4 38.Bxb4 Nxb2 39.Ra3 Qd7 40.Qb3 Bb5 41.Re1 1/2-1/2

[Event "Master Open"]
[Site "Voronezh"]
[Date "2018.06.21"]
[Round "9.31"]
[White "Perov, German"]
[Black "Nozdrachev, Leonid"]
[Result "1-0"]
[WhiteElo "2159"]
[BlackElo "2400"]
[Annotator ""]
[Source ""]
[Remark ""]

1.e4 c5 2.d4 cxd4 3.c3 Nf6 4.e5 Nd5 5.Nf3 Nc6 6.Bc4 e6 7.cxd4
d6 8.O-O Be7 9.a3 O-O 10.Bd3 Qc7 11.Qc2 g6 12.Qe2 b6 13.Bh6 Rd8
14.Rc1 Bb7 15.Nc3 dxe5 16.dxe5 Rac8 17.h4 Qb8 18.h5 Nxc3 19.bxc3
Rd5 20.Re1 Na5 21.Qc2 Rdc5 22.hxg6 hxg6 23.Bxg6 Bxf3 24.gxf3
Rxe5 25.Bxf7+ Kxf7 26.Qh7+ Ke8 27.Qh8+ Kd7 28.Qxe5 Qxe5 29.Rxe5
Nc4 30.Rd1+ Bd6 31.Re4 b5 32.Bf4 Rc6 33.a4 bxa4 34.Rxc4 Rxc4
35.Bxd6 Kc6 36.Bb4 Kb5 37.Re1 Rc6 38.Re5+ Kc4 39.Ra5 Kb3 40.Rxa7
Rb6 41.Kf1 Rb5 42.Ke2 Re5+ 43.Kd3 Rd5+ 44.Ke4 Rd2 45.Ke3 Rd1
46.f4 Re1+ 47.Kf3 Rh1 48.Ra6 Re1 49.Kg2 Re2 50.Kg3 Re4 51.Ra5
Re1 52.Re5 Rg1+ 53.Kh4 a3 54.Bxa3 Kxa3 55.Rxe6 Kb3 56.Rc6 Rf1
57.f5 Rxf2 58.f6 Ka4 59.Kg5 Kb5 60.Rc8 Kb6 61.Kg6 Rf3 62.f7 Rg3+
63.Kh7 Rh3+ 64.Kg6 Rg3+ 65.Kh5 1-0

[Event "Master Open"]
[Site "Voronezh"]
[Date "2018.06.21"]
[Round "9.32"]
[White "Kyshtymov, Daniil"]
[Black "Anikonov, Dmitry"]
[Result "1/2-1/2"]
[WhiteElo "2032"]
[BlackElo "2394"]
[Annotator ""]
[Source ""]
[Remark ""]

1.e4 e6 2.d4 d5 3.Nd2 Nc6 4.c3 e5 5.dxe5 dxe4 6.Qe2 Nxe5 7.Nxe4
Qe7 8.Bf4 f5 9.Bxe5 Qxe5 10.Ng5 Qxe2+ 11.Bxe2 Nh6 12.Bc4 Bd6
13.N1f3 Bd7 14.Ne6 g6 15.O-O Ke7 16.Rad1 Bxe6 17.Rfe1 Rhe8 18.Rxe6+
Kf8 19.Rde1 Rxe6 20.Rxe6 Kg7 21.Bb5 Ng4 22.Re8 Rxe8 23.Bxe8 Bc5
24.Nd4 Kf6 25.Bb5 Bxd4 26.cxd4 f4 27.Bd7 Nh6 28.Kf1 Nf7 29.Bg4
Nd6 30.Ke2 Ke7 31.Kd3 Kf6 32.Bf3 b6 33.Bd5 h5 34.Bc6 g5 35.g3
g4 36.f3 fxg3 37.fxg4 h4 38.hxg3 hxg3 39.Ke2 Kg5 40.Kf3 Kh4 41.Kf4
Nb5 42.Ke5 Kxg4 43.Bg2 a5 44.a4 Nc3 45.bxc3 b5 46.Kd5 bxa4 47.Kc4
Kf4 48.Kd3 a3 49.Kc2 Ke3 50.Kb3 Kf2 51.Bc6 g2 52.Bxg2 Kxg2 53.Kxa3
Kf3 54.Ka4 Ke4 55.Kxa5 Kd3 56.Kb4 c6 57.Kb3 Ke3 58.Kc2 Ke4 59.Kb3
Ke3 60.Kc4 Kd2 61.Kb4 Kd3 62.Kb3 Ke3 63.Kc2 Ke4 64.Kd2 c5 1/2-1/2

[Event "Master Open"]
[Site "Voronezh"]
[Date "2018.06.21"]
[Round "9.33"]
[White "Yangutov, Aleksey"]
[Black "Gubajdullin, Alexei"]
[Result "0-1"]
[WhiteElo "1975"]
[BlackElo "2375"]
[Annotator ""]
[Source ""]
[Remark ""]

1.d4 g6 2.c4 Bg7 3.Nc3 d6 4.Nf3 Nf6 5.e4 O-O 6.Be2 Nbd7 7.O-O
e5 8.d5 Nc5 9.Qc2 a5 10.Bg5 h6 11.Be3 Nfd7 12.Nd2 f5 13.f3 f4
14.Bf2 h5 15.b3 g5 16.a3 Na6 17.Qb2 c5 18.dxc6 bxc6 19.b4 Rb8
20.b5 Nc7 21.Qc2 c5 22.Qa4 Ne6 23.Nd5 Nd4 24.Bd1 Ra8 25.Re1 Nb6
26.Nxb6 Qxb6 27.Nb1 g4 28.Nc3 Qd8 29.Kh1 Qg5 30.Nd5 g3 31.Bg1
h4 32.Ra2 h3 33.gxh3 Bxh3 34.Bxd4 exd4 35.Qb3 d3 36.hxg3 fxg3
37.Qxd3 Bd4 38.f4 Qh4 0-1

[Event "Master Open"]
[Site "Voronezh"]
[Date "2018.06.21"]
[Round "9.34"]
[White "Bykov, Oleg"]
[Black "Egorov, Pavel"]
[Result "1-0"]
[WhiteElo "2375"]
[BlackElo "2282"]
[Annotator ""]
[Source ""]
[Remark ""]

1.Nf3 Nf6 2.c4 g6 3.Nc3 Bg7 4.e4 d6 5.d4 O-O 6.Be2 e5 7.O-O Nc6
8.d5 Ne7 9.Ne1 Nd7 10.Be3 f5 11.f3 f4 12.Bf2 g5 13.Rc1 Ng6 14.Nd3
Nf6 15.c5 Rf7 16.Kh1 h5 17.Nb5 g4 18.cxd6 cxd6 19.Nxa7 Bd7 20.Qb3
g3 21.Bb6 Qe7 22.Nb5 Nh7 23.Nc7 Qh4 24.Bg1 Bh3 25.Rfd1 Bxg2+
26.Kxg2 Ng5 27.Nf2 Rc8 28.Ne6 Rxc1 29.Rxc1 gxf2 30.Bxf2 Qh3+
31.Kh1 Nh4 32.Bxh4 Qxh4 33.Nxg5 Qxg5 34.Qb6 Qe7 35.Bf1 Bf8 36.Bh3
Rg7 37.Be6+ Kh7 38.Bf5+ Kg8 39.Qf2 Qg5 40.a4 Be7 41.a5 Bd8 42.b4
Kf8 43.Rg1 Qh4 44.Qf1 Rg3 45.Bc8 Rxg1+ 46.Qxg1 Qe7 47.Be6 Qg5
48.Qxg5 Bxg5 49.Kg2 Ke7 50.Bc8 Bh4 51.Kf1 Kd8 52.Bxb7 Kc7 53.Bc6
Bd8 54.b5 Kb8 55.b6 h4 56.Ke2 h3 57.Kd3 Kc8 58.Kc4 1-0

[Event "Master Open"]
[Site "Voronezh"]
[Date "2018.06.21"]
[Round "9.35"]
[White "Malyshev, Grigory"]
[Black "Odegov, Artem"]
[Result "1-0"]
[WhiteElo "2362"]
[BlackElo "2219"]
[Annotator ""]
[Source ""]
[Remark ""]

1.d4 d5 2.c4 c6 3.Nf3 Nf6 4.e3 Bf5 5.Nc3 e6 6.Nh4 Bg6 7.Be2 Nbd7
8.O-O Ne4 9.g3 Be7 10.Nxg6 Nxc3 11.bxc3 hxg6 12.Rb1 dxc4 13.Bxc4
Nb6 14.Bd3 O-O 15.a4 Qd7 16.Qb3 Rab8 17.Be4 Nc8 18.Bg2 b5 19.axb5
Rxb5 20.Qc2 Rxb1 21.Qxb1 c5 22.Ba3 cxd4 23.Bxe7 Qxe7 24.cxd4
Rd8 25.Qb3 Nb6 26.Ra1 Rd7 27.Qb5 Rc7 28.h4 Qd7 29.Qg5 Qe7 30.Qf4
Qd7 31.Kh2 Qe7 32.Ra5 Nc4 33.Rb5 Nd6 34.Ra5 Nc4 35.Ra6 Nb6 36.Be4
Rc8 37.Kg2 Nc4 38.Kh2 Nb6 39.Ra2 Rc7 40.Rb2 Qd8 41.Bf3 Nc4 42.Ra2
Qd6 43.Qg5 Qe7 44.Qb5 Nb6 45.h5 gxh5 46.Qxh5 Qf6 47.Kg2 Qh6 48.Qb5
Rc1 49.Bh5 Nd5 50.Qe8+ Kh7 51.Qxf7 Nf6 52.Ra5 Rc2 53.Qxe6 Nxh5
54.Qe4+ 1-0

[Event "Master Open"]
[Site "Voronezh"]
[Date "2018.06.21"]
[Round "9.36"]
[White "Pogosyan, Stefan"]
[Black "Volkov, Roman"]
[Result "1-0"]
[WhiteElo "2359"]
[BlackElo "2116"]
[Annotator ""]
[Source ""]
[Remark ""]

1.e4 e5 2.Nf3 Nc6 3.Bb5 a6 4.Ba4 Nf6 5.O-O Be7 6.Bxc6 dxc6 7.d3
Nd7 8.Be3 O-O 9.Nbd2 Re8 10.Nc4 Bf8 11.a4 f6 12.Nfd2 Nc5 13.f4
exf4 14.Rxf4 b5 15.axb5 cxb5 16.Na5 Ne6 17.Rf2 c5 18.Nf3 Qc7
19.c3 Kh8 20.d4 cxd4 21.cxd4 Bd7 22.Rc2 Qb6 23.Qd2 Rac8 24.Rac1
Rxc2 25.Rxc2 Rc8 26.Rxc8 Bxc8 27.b4 Qc7 28.d5 Nd8 29.Bf4 Qa7+
30.Be3 Qc7 31.Bf4 Qa7+ 32.Kf1 Nf7 33.Nc6 Qd7 34.h3 Nd6 35.Qd4
Nc4 36.Nd2 Nxd2+ 37.Qxd2 Bb7 38.Na5 Ba8 39.Nb3 f5 40.Nc5 Bxc5
41.bxc5 fxe4 42.c6 Qf5 43.Kg1 h6 44.Bg3 e3 45.Qd4 e2 46.Qa7 Qc8
47.Qd7 Qf8 48.Qe6 Kh7 49.Qe4+ Kh8 50.Kh2 Qd8 51.Qe6 Qg8 52.Qd7
Qf8 53.c7 Bb7 54.Qd8 Kg8 55.d6 Bc8 56.d7 1-0

[Event "Master Open"]
[Site "Voronezh"]
[Date "2018.06.21"]
[Round "9.37"]
[White "Mammadzada, Gunay"]
[Black "Zaika, Daniil"]
[Result "1-0"]
[WhiteElo "2442"]
[BlackElo "2118"]
[Annotator ""]
[Source ""]
[Remark ""]

1.e4 c5 2.Nf3 d6 3.d4 cxd4 4.Nxd4 Nf6 5.Nc3 a6 6.Be3 e5 7.Nb3
Be6 8.Qd2 Be7 9.O-O-O Nbd7 10.f4 b5 11.Kb1 Qc7 12.a3 Nb6 13.f5
Bc4 14.Bxb6 Qxb6 15.g4 h6 16.Nc1 Rb8 17.b3 Bxf1 18.Rhxf1 b4 19.axb4
Qxb4 20.Qd3 O-O 21.N1a2 Qb7 22.g5 hxg5 23.Rg1 Nd7 24.Nd5 Bd8
25.h4 Nc5 26.Qf3 Qb5 27.hxg5 Qc4 28.Nf6+ Bxf6 29.gxf6 g6 30.fxg6 1-0

[Event "Master Open"]
[Site "Voronezh"]
[Date "2018.06.21"]
[Round "9.38"]
[White "Volovich, Vasily"]
[Black "Domogaev, Sergey"]
[Result "0-1"]
[WhiteElo "2244"]
[BlackElo "2433"]
[Annotator ""]
[Source ""]
[Remark ""]

1.e4 e5 2.Nf3 Nc6 3.Nc3 Nf6 4.Bb5 Bb4 5.O-O O-O 6.d3 d6 7.Bg5
Bxc3 8.bxc3 Bd7 9.Rb1 h6 10.Bh4 Kh7 11.Qd2 Rg8 12.Bc4 Bg4 13.Qe3
Na5 14.Bxf7 Rf8 15.Bb3 Bxf3 16.Qxf3 g5 17.Qf5+ Kg7 18.Bxg5 hxg5
19.Qxg5+ Kh8 20.f4 Nh7 21.Qxd8 Raxd8 22.f5 Nxb3 23.axb3 Nf6 24.Rbe1
Rg8 25.Rf3 Rg4 26.h3 Rg5 27.g4 Kg7 28.Kf2 Rh8 29.Ke3 Kf7 30.b4
a6 31.c4 Rgg8 32.Rg1 Nh5 33.Rh1 Nf4 34.Rxf4 exf4+ 35.Kxf4 Rh4
36.Rg1 Rxh3 37.d4 Rc3 38.g5 Rxc4 39.g6+ Kf6 40.c3 Rh8 0-1

[Event "Master Open"]
[Site "Voronezh"]
[Date "2018.06.21"]
[Round "9.40"]
[White "Salemgareev, Tagir"]
[Black "Davydov, Sergey P."]
[Result "1-0"]
[WhiteElo "2387"]
[BlackElo "2213"]
[Annotator ""]
[Source ""]
[Remark ""]

1.Nf3 Nf6 2.c4 e6 3.b3 b6 4.Bb2 Bb7 5.e3 Be7 6.Nc3 O-O 7.d4 d5
8.Bd3 Nbd7 9.O-O c5 10.Qe2 cxd4 11.exd4 Rc8 12.Rad1 Qc7 13.Rfe1
Rcd8 14.h3 Qb8 15.Ne5 dxc4 16.Bxc4 Nxe5 17.dxe5 Nd7 18.a3 Bc6
19.Bb5 Qb7 20.Qc4 Nb8 21.Qg4 Rxd1 22.Rxd1 Rd8 23.Rxd8+ Bxd8 24.Bd3
Qd7 25.Qe2 Bc7 26.b4 Qd8 27.Nb5 Qd5 28.f4 Bxb5 29.Bxb5 g6 30.Qd3
Qb7 31.a4 a6 32.Bc4 Nc6 33.Bc3 a5 34.bxa5 bxa5 35.Kh2 Nb4 36.Qd7
Qc6 37.Qxc6 Nxc6 38.g3 Bb6 39.Kg2 Nd4 40.g4 h6 41.Bd2 Kg7 42.Be3
Bc5 43.Kf1 Kg8 44.Bd3 Kg7 45.Be4 Kh7 46.Bf2 Kg7 47.Ke1 f5 48.gxf5
gxf5 49.Bd3 Kf7 50.Kd1 Bb6 51.Bc4 Bc5 52.Be3 Ke7 53.Kd2 Nf3+
54.Ke2 Bxe3 55.Kxe3 Nh4 56.Be2 Ng6 57.Bh5 Nf8 58.Kd4 Nd7 59.Kc4
Nb6+ 60.Kb5 Nd5 61.Kxa5 Nxf4 62.Bf3 Nd3 63.Kb5 Nxe5 64.a5 1-0

[Event "Master Open"]
[Site "Voronezh"]
[Date "2018.06.21"]
[Round "9.41"]
[White "Yeritsyan, Aram"]
[Black "Kovalenko, Sergey"]
[Result "1-0"]
[WhiteElo "2370"]
[BlackElo "2237"]
[Annotator ""]
[Source ""]
[Remark ""]

1.e4 e6 2.d4 d5 3.Nd2 dxe4 4.Nxe4 Bd7 5.Nf3 Bc6 6.Bd3 Be7 7.O-O
Nf6 8.Ned2 O-O 9.Nc4 Be4 10.Bxe4 Nxe4 11.Qd3 Nd6 12.Nce5 Nd7
13.c4 c6 14.b3 Nf6 15.Bb2 Qa5 16.a4 Rad8 17.b4 Qc7 18.Qb3 Nf5
19.a5 a6 20.g4 Nd6 21.Rfe1 Nde8 22.h4 Nd6 23.h5 h6 24.Bc1 Nh7
25.Bf4 Qc8 26.Rac1 Ng5 27.Bxg5 Bxg5 28.Nxg5 hxg5 29.Nf3 Ne8 30.Qe3
e5 31.Nxe5 f6 32.Ng6 Qxg4+ 33.Kf1 Nc7 34.Nxf8 Rxf8 35.Qg3 Qxh5
36.Re7 Qh1+ 37.Qg1 Qh3+ 38.Qg2 Qd3+ 39.Kg1 Qd2 40.Rce1 Qxb4 41.Qe4
Qd6 42.Qg6 1-0

[Event "Master Open"]
[Site "Voronezh"]
[Date "2018.06.21"]
[Round "9.42"]
[White "Ioffe, Ilya"]
[Black "Sattarov, Bobir"]
[Result "0-1"]
[WhiteElo "2240"]
[BlackElo "2351"]
[Annotator ""]
[Source ""]
[Remark ""]

1.e4 e5 2.Nf3 Nc6 3.Bc4 Bc5 4.O-O d6 5.c3 Qf6 6.d3 h6 7.Be3 Nge7
8.Nbd2 a6 9.Bb3 O-O 10.h3 Ng6 11.Re1 Nf4 12.Nf1 Ne7 13.d4 Ba7
14.N1h2 Neg6 15.Bc4 Re8 16.Ng4 Qe7 17.Kh1 h5 18.Ngh2 b5 19.Bb3
Bb7 20.d5 c6 21.Bxa7 Rxa7 22.dxc6 Bxc6 23.Nf1 h4 24.N3h2 Rd7
25.Qg4 d5 26.Rad1 dxe4 27.Ne3 Red8 28.g3 Rxd1 29.Rxd1 Rxd1+ 30.Bxd1
Bd7 31.Nf5 Qf6 32.Nh6+ gxh6 33.Qxd7 Nd3 34.Ng4 Nxf2+ 35.Kg2 Nxg4
36.Bxg4 hxg3 0-1

[Event "Master Open"]
[Site "Voronezh"]
[Date "2018.06.21"]
[Round "9.43"]
[White "Lysenko, Margarita"]
[Black "Murtazin, Ruslan"]
[Result "1/2-1/2"]
[WhiteElo "2203"]
[BlackElo "2308"]
[Annotator ""]
[Source ""]
[Remark ""]

1.d4 Nf6 2.c4 c5 3.d5 e6 4.Nc3 exd5 5.cxd5 d6 6.Nf3 g6 7.Bf4
a6 8.a4 Bg7 9.e3 O-O 10.h3 Qe7 11.Be2 Nbd7 12.O-O Rb8 13.a5 Ne8
14.Nd2 Ne5 15.Bxe5 Bxe5 16.Nc4 Bg7 17.Nb6 Nf6 18.Rb1 Bf5 19.Bd3
Bxd3 20.Qxd3 Nd7 21.Nca4 Ne5 22.Qc2 f5 23.b4 f4 24.exf4 Rxf4
25.Kh1 Qh4 26.bxc5 Rbf8 27.f3 Nxf3 28.cxd6 Qg3 29.Rxf3 Rxf3 30.gxf3
Qxh3+ 31.Qh2 Qxf3+ 32.Qg2 Qh5+ 33.Qh2 Qg4 34.Re1 Rf3 35.Nd7 Qxd7
36.Nc5 Qg4 37.d7 Rf8 38.Re8 Qd1+ 39.Qg1 Qxd5+ 40.Qg2 Qh5+ 1/2-1/2

[Event "Master Open"]
[Site "Voronezh"]
[Date "2018.06.21"]
[Round "9.44"]
[White "Gurvich, Vitaly"]
[Black "Khokhlova, Daria"]
[Result "1/2-1/2"]
[WhiteElo "2305"]
[BlackElo "2198"]
[Annotator ""]
[Source ""]
[Remark ""]

1.d4 Nf6 2.c4 c5 3.d5 e6 4.Nc3 exd5 5.cxd5 d6 6.Nf3 g6 7.e4 Bg7
8.Nd2 O-O 9.Be2 a6 10.a4 Nbd7 11.O-O Re8 12.f4 c4 13.Kh1 Nc5
14.e5 dxe5 15.fxe5 Rxe5 16.Nxc4 Re8 17.Bg5 h6 18.Bh4 Nce4 19.Nxe4
Rxe4 20.Bg3 Bg4 21.Bxg4 Rxc4 22.Bf3 Ne4 23.Bxe4 Rxe4 24.d6 Qd7
25.Rc1 Rf8 26.Rc7 Qxa4 27.d7 Bf6 28.Rc8 Qxd1 29.Rxd1 Kg7 30.Rxf8
Kxf8 31.d8Q+ Bxd8 32.Rxd8+ Ke7 33.Rd3 Rc4 34.h3 h5 35.Rb3 b5
36.Re3+ Kd7 37.Rd3+ Ke7 38.b3 Rc6 39.Bh4+ f6 40.Bf2 g5 41.h4
Ke6 42.Bg3 a5 43.hxg5 fxg5 44.Re3+ Kf6 45.Re8 a4 46.bxa4 bxa4
47.Ra8 Rc4 48.Ra5 Kg6 49.Kh2 Re4 50.Kg1 Rc4 51.Bd6 Re4 52.Kf2
Kf6 53.Bc7 Kg6 54.Bd8 Rf4+ 55.Kg1 Rg4 56.Ra6+ Kh7 57.Be7 Kg7
58.Ba3 Kh7 59.Bc1 Kg7 60.Kf2 Kh7 61.Kf3 Kg7 62.Be3 Kh7 63.Rb6
Kg7 64.Re6 Kh7 65.Bd2 Kg7 66.Bc1 Kh7 67.Ra6 Kg7 68.Bb2+ Kh7 69.Bc1
Kg7 70.Rd6 Kh7 71.Be3 Kg7 72.g3 Kh7 73.Bd4 a3 74.Rd5 a2 75.Ba1
Rc4 76.Ra5 h4 77.Rxa2 Kg6 78.gxh4 Rxh4 79.Be5 Rb4 80.Ra6+ Kf5
81.Bg3 Rb3+ 82.Kg2 Kg4 83.Bf2 Rd3 84.Re6 Kf5 85.Rb6 Kg4 86.Rb4+
Kh5 87.Bg3 Kg6 88.Kh3 Kh5 89.Rb8 Rd4 90.Rh8+ Kg6 91.Bf2 Rc4 92.Re8
Kf5 93.Be3 Rc6 94.Kg3 Re6 95.Rf8+ Rf6 96.Ra8 Re6 97.Kf3 Re5 98.Rg8
Ke6 99.Bd4 Rf5+ 100.Kg3 Rb5 101.Rg6+ Kf5 102.Rf6+ Ke4 103.Bf2
Rf5 104.Ra6 Rf3+ 105.Kg2 Rd3 106.Rf6 Ke5 107.Rf8 Ke6 108.Bg3
Rc3 109.Kh3 Rc4 110.Be1 Rf4 111.Rg8 Kf5 112.Bd2 Rh4+ 113.Kg3
Rh5 114.Be3 Kf6 115.Bd4+ Kf5 116.Rf8+ Kg6 117.Rf6+ Kh7 118.Be5
Rh4 119.Bc3 Re4 120.Bd2 Kg7 121.Bxg5 Ra4 122.Rc6 Kf7 123.Bf4
Ke7 124.Kg4 Ra5 125.Bd2 Rb5 126.Kf4 Kd7 127.Rh6 Rd5 128.Bc3 Rd6
129.Rh7+ Kc6 130.Be5 Rg6 131.Rc7+ Kd5 132.Rc1 Rg2 133.Rd1+ Kc5
134.Kf3 Ra2 135.Ke3 Rc2 136.Rd7 Ra2 137.Bd4+ Kc6 138.Rh7 Rg2 1/2-1/2

[Event "Master Open"]
[Site "Voronezh"]
[Date "2018.06.21"]
[Round "9.45"]
[White "Kostin, Alexey"]
[Black "Sinitsina, Anastassia"]
[Result "1-0"]
[WhiteElo "2282"]
[BlackElo "2009"]
[Annotator ""]
[Source ""]
[Remark ""]

1.e4 c5 2.c3 d5 3.exd5 Qxd5 4.d4 Nc6 5.Nf3 Bf5 6.Be3 Nf6 7.Bb5
Ng4 8.O-O a6 9.Qa4 Rc8 10.Bc4 Qd7 11.dxc5 Nxe3 12.fxe3 e6 13.b4
Be7 14.Nbd2 O-O 15.Nd4 Bg5 16.Rae1 Bg6 17.N2f3 Bf6 18.Rd1 Qe7
19.Bd3 Ne5 20.Nxe5 Bxe5 21.Bxg6 hxg6 22.Rd3 Rfd8 23.Rfd1 Bb8
24.Nf3 e5 25.e4 f5 26.Qb3+ Kh7 27.Ng5+ Qxg5 28.Rh3+ Qh5 29.Rxh5+
gxh5 30.exf5 Rf8 31.Qc2 Rf6 32.Rd7 Re8 33.Qe4 Kh6 34.Qe3+ g5
35.Qe4 1-0